000 00488nam a2200181Ia 4500
008 240925s9999 xx 000 0 und d
020 _a9788172455255
082 _a510.3 HUX
100 _aHuxley, Christopher
245 0 _aGoodwill's Dictionary of Mathematics
250 _aNA
260 _aNew Delhi:
_bGoodwill Publishing House
_cNA
300 _a110p.
_b0
_fOriginal
500 _aIncludes Index
600 _aHumanities & Natural Science
650 _aMathematics
942 _cBK
999 _c14184
_d14184